Emilio o la educación
Uloženo v:
| Hlavní autor: | |
|---|---|
| Médium: | Kniha |
| Jazyk: | španělština |
| Vydáno: |
Barcelona
Bruguera
1979
|
| Vydání: | 3a. ed |
| Témata: | |
| Tagy: |
Přidat tag
Žádné tagy, Buďte první, kdo vytvoří štítek k tomuto záznamu!
|
MARC
| LEADER | 00000nam a2200000 a 4500 | ||
|---|---|---|---|
| 001 | UCY7948 | ||
| 003 | CL-VaPUC | ||
| 008 | 950623e19790700SP |||||||||||||||||spa|d | ||
| 082 | 0 | 4 | |a 370.1 |b ROU |2 21 |
| 100 | |a Rousseau, Jean Jacques |e autor |9 255697 | ||
| 245 | 1 | 0 | |a Emilio o la educación |
| 250 | |a 3a. ed | ||
| 300 | |a 658 p | ||
| 942 | |c BK | ||
| 945 | |d 19950623 00:00:00 |a mfernand | ||
| 260 | |a Barcelona |b Bruguera |c 1979 | ||
| 650 | 0 | |a Filosofía de la educación |9 258384 | |
| 583 | |a last modification |c 19950623 00:00:00 |k Rodrigo Vera | ||
| 999 | |c 235241 |d 235239 | ||
| 952 | |0 0 |1 0 |4 0 |6 370_100000000000000_ROU_1979 |7 0 |8 A |9 242516 |a BIBEDU |b BIBEDU |d 2019-11-18 |i 1523244 |o 370.1 ROU 1979 |p 1523244 |r 2019-11-18 |w 2019-11-18 |y BK |k EDU | ||